Pokémon - Quiz général #05 - Statistiques

Statistiques générales
  • Ce quiz a été pris 70 fois
  • Le résultat moyen est 6 sur 10
Statistiques - réponses
Question Réponse % Correct
Lequel n'est pas un starter de la septième génération ? Larméléon
92%
Rayquaza peut méga-évoluer sans Méga-Gemme Vrai
80%
Quelle génération contient le plus de nouveaux Pokémon ? La 5G
72%
Quelle est le poids du Pokémon le plus lourd ? 999,9 kg
63%
Quel type est super efficace contre le type Vol mais pas très efficace contre le type Plante ? Électrik
63%
Quel Pokémon possède cette description : « Les blessures provoquées par son souffle de flamme sont permanentes et la douleur ne s'en va jamais. » ? Démolosse
62%
Quel objet sert à fusionner Necrozma avec Solgaleo ? Le Necrosol
58%
Quelle mini-série animée de 18 épisodes sortie en 2016 retrace les moments les plus forts de chaque génération du jeu vidéo ? Pokémon Générations
55%
Lequel de ces champions d'arène n'a pas au moins un Voltorbe ou un Magnéton lors sa première rencontre ?
47%
Laquelle de ces propositions est fausse concernant Chamallot ? À Hoenn, on ne le trouve que sur le Chemin Ardent
42%
Aucun quiz correspondant
Distribution des résultats
% des personnes avec chaque résultat
Percentile par nombre de réponses
Votre historique - résultats
Vous n’avez pas pris ce quiz